书目信息 |
| 题名: |
大舍
|
|
| 作者: | 大舍 编著 | |
| 分册: | ||
| 出版信息: | 北京 中国建筑工业出版社 2012 |
|
| 页数: | 164页 | |
| 开本: | 30cm | |
| 丛书名: | 当代建筑师系列 | |
| 单 册: | ||
| 中图分类: | TU206 | |
| 科图分类: | ||
| 主题词: | 建筑设计--jian zhu she ji--中国--现代--作品集 | |
| 电子资源: | ||
| ISBN: | 978-7-112-14275-0 | |
| 000 | 00882nam 2200253 450 | |
| 001 | 0100004225 | |
| 005 | 20191107085721.25 | |
| 010 | @a978-7-112-14275-0@b精装@dCNY98.00 | |
| 100 | @a20130726d2012 ekmy0chiy50 ea | |
| 101 | 0 | @achi@aeng |
| 102 | @aCN@b110000 | |
| 105 | @aa z 000yy | |
| 200 | 1 | @a大舍@Ada she@d= Atelier deshaus@f大舍编著@zeng |
| 210 | @a北京@c中国建筑工业出版社@d2012 | |
| 215 | @a164页@c彩图@d30cm | |
| 225 | 2 | @a当代建筑师系列@Adang dai jian zhu shi xi lie |
| 330 | @a本书内容包括: 青浦青少年活动中心、螺旋艺廊、嘉定新城幼儿园、嘉定新城区燃气管理站、夏雨幼儿园、三联宅、老岳工作室及住宅等。 | |
| 410 | 0 | @12001 @a当代建筑师系列 |
| 510 | 1 | @aAtelier deshaus@zeng |
| 606 | 0 | @a建筑设计@Ajian zhu she ji@y中国@z现代@j作品集 |
| 690 | @aTU206@v5 | |
| 701 | 0 | @a大舍@Ada she@4编著 |
| 801 | 0 | @aCN@c20150827 |
| 905 | @a河南城建学院图书馆@dTU206@eD087 | |
| 大舍= Atelier deshaus/大舍编著.-北京:中国建筑工业出版社,2012 |
| 164页:彩图;30cm.-(当代建筑师系列) |
| ISBN 978-7-112-14275-0(精装):CNY98.00 |
| 本书内容包括: 青浦青少年活动中心、螺旋艺廊、嘉定新城幼儿园、嘉定新城区燃气管理站、夏雨幼儿园、三联宅、老岳工作室及住宅等。 |
| ● |
| 相关链接 |
|
|
|
正题名:大舍
索取号:TU206/D087
 
预约/预借
| 序号 | 登录号 | 条形码 | 馆藏地/架位号 | 状态 | 备注 |
| 1 | 1177608 | 211776087 | 建筑库101/ [索取号:TU206/D087] | 在馆 | |
| 2 | 1177609 | 211776096 | 建筑库101/101建筑库 40排5列4层/ [索取号:TU206/D087] | 在馆 | |
| 3 | 1177610 | 211776103 | 建筑库101/101建筑库 40排5列4层/ [索取号:TU206/D087] | 在馆 | |
| 4 | 1307077 | 213070772 | 建筑库101/101建筑库 40排5列2层/ [索取号:TU206/D087] | 在馆 | |
| 5 | 1307078 | 213070781 | 建筑库101/101建筑库 40排5列2层/ [索取号:TU206/D087] | 在馆 | |
| 6 | 1307079 | 213070790 | 建筑库101/101建筑库 40排5列2层/ [索取号:TU206/D087] | 在馆 | |
| 7 | 1307080 | 213070807 | 建筑库101/101建筑库 40排5列2层/ [索取号:TU206/D087] | 在馆 | |
| 8 | 1307081 | 213070816 | 建筑库101/101建筑库 40排5列2层/ [索取号:TU206/D087] | 在馆 | |
| 9 | 1307082 | 213070825 | 建筑库101/101建筑库 40排5列2层/ [索取号:TU206/D087] | 在馆 |